00441nam a2200157Ia 45000010006000000050017000060080041000230410008000640820016000721000039000882450104001272600009002313000027002406500008002676540008002751632220260306170301.0260306t2014||||xx |||||||||||||| ||und|| aESP a348.21bI59 aNorthcote Sandoval, CristhianeAUT 0aDerechos de los consumidores en el sector inmobiliario, financiero y servicios públicos regulados c2014 a30 páginas :c24 cm. aGEN aCDE